00397nam a22001337a 4500008004100000020001700041050002000058100002000078245005100098260004100149300002600190500002000216650002700236170207b xxu||||| |||| 00| 0 eng d a 0806944293 aNC765 .C64 2001 aConstance,Diana aComplete life drawing course/cDiana Constance aNew York :b Sterling Pub., cc2001. a176p. :bill. ;c28cm aincludes index. a Human figure in art.